[Event "20. Obert Int. Sant Marti 2018 - B"]
[Site "Barcelona ESP"]
[Date "2018.07.15"]
[Round "3.14"]
[White "Costa Trave, Jaume"]
[Black "Raghav, Bansal"]
[Result "0-1"]
[WhiteElo "1862"]
[BlackElo "1541"]
[PlyCount "72"]
[EventDate "2018.07.13"]
[EventType "swiss"]
[EventRounds "9"]
[EventCountry "ESP"]
[SourceTitle "Ajedrez en Madrid"]
[Source "lmi"]
[SourceDate "2018.07.13"]
[SourceVersion "1"]
[SourceVersionDate "2019.06.21"]
[SourceQuality "1"]

1. d4 d5 2. Nc3 c5 3. dxc5 e6 4. e4 d4 5. Na4 Qa5+ 6. c3 Bd7 7. b4 Qxa4 8. Qxd4
Nc6 9. Qe3 g6 10. f4 Bg7 11. e5 Nge7 12. Bc4 Nxb4 13. Bb3 Nc2+ 14. Kf2 Nxe3 15.
Bxa4 Ng4+ 16. Kg3 Bxa4 17. Kxg4 h5+ 18. Kg3 Nf5+ 19. Kf2 Bf8 20. Ba3 b6 21. Rb1
Bxc5+ 22. Bxc5 bxc5 23. Rb7 O-O 24. Nf3 Bc6 25. Rc7 Rfc8 26. Rxc8+ Rxc8 27. Rb1
Rd8 28. Rb3 a5 29. Rb6 Bxf3 30. gxf3 Rd2+ 31. Kg1 Rxa2 32. Rb5 Nh4 33. Rxc5
Nxf3+ 34. Kf1 Nxh2+ 35. Ke1 Nf3+ 36. Kd1 h4 0-1

[Event "20. Obert Int. Sant Marti 2018 - B"]
[Site "Barcelona ESP"]
[Date "2018.07.15"]
[Round "3.15"]
[White "Minos Constante, Pablo"]
[Black "Moravich, Juan"]
[Result "1/2-1/2"]
[WhiteElo "1781"]
[BlackElo "1949"]
[PlyCount "102"]
[EventDate "2018.07.13"]
[EventType "swiss"]
[EventRounds "9"]
[EventCountry "ESP"]
[SourceTitle "Ajedrez en Madrid"]
[Source "lmi"]
[SourceDate "2018.07.13"]
[SourceVersion "1"]
[SourceVersionDate "2019.06.21"]
[SourceQuality "1"]

1. e4 c5 2. Nf3 Nf6 3. Nc3 d5 4. Bb5+ Bd7 5. e5 d4 6. exf6 dxc3 7. Qe2 Bxb5 8.
Qxb5+ Qd7 9. Qxd7+ Nxd7 10. fxe7 cxd2+ 11. Bxd2 Bxe7 12. O-O-O O-O 13. Rhe1
Rfe8 14. Bc3 Nb6 15. g3 h5 16. Re5 g6 17. Rde1 Kf8 18. R5e2 f6 19. Nh4 Nd5 20.
Nxg6+ Kf7 21. Nxe7 Nxe7 22. Re6 Nd5 23. Rxe8 Rxe8 24. Rxe8 Kxe8 25. Kd2 b5 26.
Kd3 Ke7 27. Bd2 a6 28. c4 Nb6 29. cxb5 axb5 30. b3 Ke6 31. f3 f5 32. h3 Nd7 33.
Bf4 Nb6 34. g4 Nd5 35. Bd2 fxg4 36. fxg4 hxg4 37. hxg4 Nb6 38. Ke4 c4 39. bxc4
Nxc4 40. Bf4 Nb6 41. Kd4 Nd7 42. Bc7 Nf6 43. g5 Nd7 44. Bd8 Ne5 45. Kc5 Nf7 46.
Bf6 Nd6 47. Kc6 b4 48. Kc5 Ne4+ 49. Kxb4 Kd7 50. a4 Kc8 51. a5 Nxg5 1/2-1/2

[Event "20. Obert Int. Sant Marti 2018 - B"]
[Site "Barcelona ESP"]
[Date "2018.07.15"]
[Round "3.16"]
[White "Cano Sevilla, Ivan"]
[Black "Llopis Jordan, Lluis"]
[Result "1-0"]
[WhiteElo "1948"]
[BlackElo "1683"]
[PlyCount "91"]
[EventDate "2018.07.13"]
[EventType "swiss"]
[EventRounds "9"]
[EventCountry "ESP"]
[SourceTitle "Ajedrez en Madrid"]
[Source "lmi"]
[SourceDate "2018.07.13"]
[SourceVersion "1"]
[SourceVersionDate "2019.06.21"]
[SourceQuality "1"]

1. b4 f5 2. Bb2 e6 3. c4 Nf6 4. b5 b6 5. Nf3 Bb7 6. e3 Be7 7. Be2 c5 8. O-O d6
9. d4 O-O 10. a4 a5 11. Nc3 Nbd7 12. Ng5 Qc8 13. Nxe6 Re8 14. d5 Nf8 15. Bd3 g6
16. Nxf8 Bxf8 17. Ne2 Bg7 18. Nf4 Nh5 19. Bxg7 Nxg7 20. Qc2 Qd8 21. e4 Bc8 22.
exf5 Nxf5 23. Rfe1 Bd7 24. Bxf5 Bxf5 25. Qc3 Qd7 26. f3 Qf7 27. Kf2 Rxe1 28.
Rxe1 Re8 29. Rxe8+ Qxe8 30. g4 Bd7 31. Qf6 Qf8 32. Qg5 Kf7 33. h4 Qh8 34. h5
Qf6 35. hxg6+ hxg6 36. Qh6 Qg7 37. Qxg7+ Kxg7 38. Ke3 Kf6 39. Ke4 Bc8 40. Ne6
g5 41. Nc7 Bb7 42. f4 gxf4 43. Kxf4 Kf7 44. Kf5 Kf8 45. Kf6 Bc8 46. Ne6+ 1-0

[Event "20. Obert Int. Sant Marti 2018 - B"]
[Site "Barcelona ESP"]
[Date "2018.07.15"]
[Round "3.17"]
[White "Madrid Sole, Antonio"]
[Black "Planella Sanchez, Jordi"]
[Result "1/2-1/2"]
[WhiteElo "1776"]
[BlackElo "1945"]
[PlyCount "43"]
[EventDate "2018.07.13"]
[EventType "swiss"]
[EventRounds "9"]
[EventCountry "ESP"]
[SourceTitle "Ajedrez en Madrid"]
[Source "lmi"]
[SourceDate "2018.07.13"]
[SourceVersion "1"]
[SourceVersionDate "2019.06.21"]
[SourceQuality "1"]

1. d4 c5 2. c3 Nf6 3. Bf4 Qb6 4. Qc2 d5 5. e3 Nc6 6. Nd2 g6 7. Ngf3 Nh5 8. Bg5
h6 9. Bh4 g5 10. Bg3 Bg7 11. dxc5 Qxc5 12. Nb3 Qb6 13. Qd2 Nxg3 14. hxg3 e6 15.
Be2 Bd7 16. Nfd4 Na5 17. Nxa5 Qxa5 18. Bh5 O-O 19. O-O Rac8 20. Bf3 Bc6 21.
Rfe1 Rfd8 22. Bd1 1/2-1/2

[Event "20. Obert Int. Sant Marti 2018 - B"]
[Site "Barcelona ESP"]
[Date "2018.07.15"]
[Round "3.18"]
[White "Ishaan, Bansal"]
[Black "Sumelzo Lozano, Jose"]
[Result "1/2-1/2"]
[WhiteElo "1759"]
[BlackElo "1941"]
[PlyCount "95"]
[EventDate "2018.07.13"]
[EventType "swiss"]
[EventRounds "9"]
[EventCountry "ESP"]
[SourceTitle "Ajedrez en Madrid"]
[Source "lmi"]
[SourceDate "2018.07.13"]
[SourceVersion "1"]
[SourceVersionDate "2019.06.21"]
[SourceQuality "1"]

1. d4 d5 2. Bf4 e6 3. e3 Bd6 4. Bg3 Nf6 5. Nf3 O-O 6. Nbd2 c5 7. c3 Nc6 8. Bd3
cxd4 9. exd4 Ne7 10. O-O Bxg3 11. hxg3 Nf5 12. Ne5 Nd6 13. Re1 Bd7 14. g4 h6
15. f4 Be8 16. Qf3 Nd7 17. Qh3 f5 18. gxf5 exf5 19. Qe3 Ne4 20. Bxe4 dxe4 21.
Nxd7 Bxd7 22. Nc4 Rf6 23. Ne5 b5 24. b3 a5 25. c4 a4 26. d5 Rfa6 27. Rac1 axb3
28. axb3 Be8 29. Red1 bxc4 30. bxc4 Ra3 31. Rc3 Ra1 32. Rdc1 R8a2 33. Rxa1
Rxa1+ 34. Rc1 Ra2 35. Qh3 Qb6+ 36. Kh2 Qb2 37. Rg1 Qd4 38. Qxf5 e3 39. Qe6+ Kf8
40. d6 Qxf4+ 41. Kh3 Qg5 42. Nf3 Qh5+ 43. Kg3 Qf7 44. Qxf7+ Kxf7 45. Re1 e2 46.
Kf2 Ke6 47. c5 Kd5 48. Rc1 1/2-1/2

[Event "20. Obert Int. Sant Marti 2018 - B"]
[Site "Barcelona ESP"]
[Date "2018.07.15"]
[Round "3.19"]
[White "Zubimendi Felip, Ricard"]
[Black "Martinez Escribano, Jose Angel"]
[Result "1-0"]
[WhiteElo "1752"]
[BlackElo "1930"]
[PlyCount "63"]
[EventDate "2018.07.13"]
[EventType "swiss"]
[EventRounds "9"]
[EventCountry "ESP"]
[SourceTitle "Ajedrez en Madrid"]
[Source "lmi"]
[SourceDate "2018.07.13"]
[SourceVersion "1"]
[SourceVersionDate "2019.06.21"]
[SourceQuality "1"]

1. d4 Nf6 2. c4 g6 3. Nc3 Bg7 4. e4 O-O 5. e5 Ne8 6. f4 d6 7. Nf3 Nd7 8. Be2 c5
9. dxc5 Nxc5 10. O-O Bf5 11. Be3 Ne4 12. Nxe4 Bxe4 13. Qb3 dxe5 14. Nxe5 Nd6
15. Rad1 Qc8 16. Rd2 b6 17. Rc1 Qe6 18. Qd1 Rac8 19. b4 g5 20. Bf2 gxf4 21. Nf3
Nxc4 22. Ng5 Qg6 23. Nxe4 Qxe4 24. Bd3 Qe6 25. Re2 Ne3 26. Bxe3 fxe3 27. Rec2
Rfd8 28. Qe2 Rxc2 29. Qxc2 h6 30. h3 Qd6 31. Rd1 Qg3 32. Bh7+ 1-0

[Event "20. Obert Int. Sant Marti 2018 - B"]
[Site "Barcelona ESP"]
[Date "2018.07.15"]
[Round "3.20"]
[White "Caro Martinez, Ramon"]
[Black "Pera Muntasell, Marc"]
[Result "1/2-1/2"]
[WhiteElo "1741"]
[BlackElo "1920"]
[PlyCount "34"]
[EventDate "2018.07.13"]
[EventType "swiss"]
[EventRounds "9"]
[EventCountry "ESP"]
[SourceTitle "Ajedrez en Madrid"]
[Source "lmi"]
[SourceDate "2018.07.13"]
[SourceVersion "1"]
[SourceVersionDate "2019.06.21"]
[SourceQuality "1"]

1. d4 d5 2. e3 c5 3. c4 e6 4. Nf3 Nf6 5. b3 Nc6 6. Bd3 cxd4 7. exd4 dxc4 8.
Bxc4 Bb4+ 9. Bd2 O-O 10. Bxb4 Nxb4 11. O-O b6 12. Nc3 Bb7 13. Ne5 Rc8 14. a3
Nbd5 15. Ne2 a6 16. Rc1 Qd6 17. b4 Rfd8 1/2-1/2

[Event "20. Obert Int. Sant Marti 2018 - B"]
[Site "Barcelona ESP"]
[Date "2018.07.15"]
[Round "3.21"]
[White "Tortosa Moros, Joan"]
[Black "Palacios Pena, Gerardo"]
[Result "0-1"]
[WhiteElo "1741"]
[BlackElo "1905"]
[PlyCount "68"]
[EventDate "2018.07.13"]
[EventType "swiss"]
[EventRounds "9"]
[EventCountry "ESP"]
[SourceTitle "Ajedrez en Madrid"]
[Source "lmi"]
[SourceDate "2018.07.13"]
[SourceVersion "1"]
[SourceVersionDate "2019.06.21"]
[SourceQuality "1"]

1. e4 c6 2. Nc3 d5 3. Nf3 dxe4 4. Nxe4 Bf5 5. Ng3 Bg6 6. h4 h6 7. Ne5 Bh7 8.
Qh5 g6 9. Qf3 Nf6 10. Bc4 e6 11. Ne4 Bg7 12. Nxf6+ Qxf6 13. Qxf6 Bxf6 14. Ng4
Bg7 15. d3 h5 16. Ne3 Nd7 17. Bb3 Nc5 18. Nc4 b5 19. Nd6+ Ke7 20. Ne4 Nxe4 21.
dxe4 Rhd8 22. Bg5+ Bf6 23. Bxf6+ Kxf6 24. c3 Ke5 25. Bc2 f5 26. exf5 gxf5 27.
Ke2 Kf6 28. f4 e5 29. fxe5+ Kxe5 30. Rad1 Bg8 31. Rxd8 Rxd8 32. Rf1 Bc4+ 33.
Kf2 Bxf1 34. Kxf1 Rd2 0-1

[Event "20. Obert Int. Sant Marti 2018 - B"]
[Site "Barcelona ESP"]
[Date "2018.07.15"]
[Round "3.22"]
[White "Perez Garcia, Jose Miguel"]
[Black "Martinez Torras, Pol"]
[Result "1-0"]
[WhiteElo "1891"]
[BlackElo "1675"]
[PlyCount "85"]
[EventDate "2018.07.13"]
[EventType "swiss"]
[EventRounds "9"]
[EventCountry "ESP"]
[SourceTitle "Ajedrez en Madrid"]
[Source "lmi"]
[SourceDate "2018.07.13"]
[SourceVersion "1"]
[SourceVersionDate "2019.06.21"]
[SourceQuality "1"]

1. e4 d5 2. Nf3 c6 3. exd5 cxd5 4. Ne5 Nc6 5. Bb5 Bd7 6. Bxc6 Bxc6 7. Qf3 Nf6
8. g4 h6 9. h4 Qc7 10. d4 e6 11. Rg1 Bd6 12. Bf4 O-O-O 13. Nc3 Rhf8 14. Nxc6
Qxc6 15. Bxh6 gxh6 16. Qxf6 Bb4 17. Rg3 Rde8 18. O-O-O e5 19. dxe5 Re6 20. Qf4
Qc4 21. Qxc4+ dxc4 22. Nd5 Bc5 23. f4 Bf2 24. Rg2 Bxh4 25. Rh1 Bd8 26. Ne3 b5
27. Nf5 Bb6 28. Rg3 a6 29. Rxh6 Rxh6 30. Nxh6 Bc7 31. g5 Kd7 32. b3 cxb3 33.
axb3 b4 34. Rd3+ Ke6 35. Rd4 a5 36. Rc4 Bd8 37. Kd2 Kd5 38. Kd3 Ke6 39. Ke4 Kd7
40. Rd4+ Ke8 41. Rd6 Be7 42. Ra6 Bd8 43. Ra7 1-0

[Event "20. Obert Int. Sant Marti 2018 - B"]
[Site "Barcelona ESP"]
[Date "2018.07.15"]
[Round "3.23"]
[White "Low, Ethan"]
[Black "Lozano Ruiz, David"]
[Result "1/2-1/2"]
[WhiteElo "1741"]
[BlackElo "1869"]
[PlyCount "99"]
[EventDate "2018.07.13"]
[EventType "swiss"]
[EventRounds "9"]
[EventCountry "ESP"]
[SourceTitle "Ajedrez en Madrid"]
[Source "lmi"]
[SourceDate "2018.07.13"]
[SourceVersion "1"]
[SourceVersionDate "2019.06.21"]
[SourceQuality "1"]

1. e4 e6 2. d4 d5 3. Nc3 Nf6 4. e5 Nfd7 5. f4 c5 6. Nf3 Nc6 7. Be3 Qb6 8. Na4
Qc7 9. Nxc5 Nxd4 10. Nxd4 Nxc5 11. c3 a6 12. Be2 Bd7 13. O-O g6 14. Bf3 b5 15.
Qd2 Ne4 16. Bxe4 dxe4 17. Qc2 Qb7 18. Rae1 Bc5 19. Bf2 Bxd4 20. Bxd4 Bc6 21.
Bc5 Rc8 22. Re3 Bd5 23. b4 Kd7 24. Rd1 Kc7 25. Kf2 Kb8 26. a4 Rc6 27. Ra1 bxa4
28. c4 Rd8 29. cxd5 exd5 30. Rxa4 d4 31. Rxe4 d3 32. Qd2 Qb5 33. Ra3 Rxc5 34.
Ra5 Rc2 35. Rxb5+ axb5 36. Ke3 Rxd2 37. Kxd2 Kc7 38. g3 h5 39. Re1 Rd4 40. Kc3
Rc4+ 41. Kxd3 Rxb4 42. e6 fxe6 43. Rxe6 Rb2 44. Rxg6 Rxh2 45. Rg5 Kc6 46. f5
Kd6 47. f6 Ke6 48. Rxb5 Kxf6 49. Ke4 Re2+ 50. Kf3 1/2-1/2

[Event "20. Obert Int. Sant Marti 2018 - B"]
[Site "Barcelona ESP"]
[Date "2018.07.15"]
[Round "3.24"]
[White "Morales Rubiella, Albert"]
[Black "Lahoz Bonaventura, Jordi"]
[Result "1/2-1/2"]
[WhiteElo "1396"]
[BlackElo "1597"]
[PlyCount "41"]
[EventDate "2018.07.13"]
[EventType "swiss"]
[EventRounds "9"]
[EventCountry "ESP"]
[SourceTitle "Ajedrez en Madrid"]
[Source "lmi"]
[SourceDate "2018.07.13"]
[SourceVersion "1"]
[SourceVersionDate "2019.06.21"]
[SourceQuality "1"]

1. e4 c5 2. Nf3 g6 3. d4 cxd4 4. Nxd4 Nc6 5. Be3 Bg7 6. Be2 Nf6 7. Nc3 O-O 8.
O-O d5 9. exd5 Nxd5 10. Nxd5 Qxd5 11. Nxc6 Qxc6 12. c3 Be6 13. Bf3 Qb5 14. Qc2
Bf5 15. Be2 Bxc2 16. Bxb5 Rfd8 17. Rac1 Be4 18. Rfd1 a6 19. Rxd8+ Rxd8 20. Be2
h6 21. Rd1 1/2-1/2

[Event "20. Obert Int. Sant Marti 2018 - B"]
[Site "Barcelona ESP"]
[Date "2018.07.15"]
[Round "3.25"]
[White "Bellpuig Mencos, Gerard"]
[Black "San Isidoro Castillo, Josep"]
[Result "1-0"]
[WhiteElo "1606"]
[BlackElo "1377"]
[PlyCount "85"]
[EventDate "2018.07.13"]
[EventType "swiss"]
[EventRounds "9"]
[EventCountry "ESP"]
[SourceTitle "Ajedrez en Madrid"]
[Source "lmi"]
[SourceDate "2018.07.13"]
[SourceVersion "1"]
[SourceVersionDate "2019.06.21"]
[SourceQuality "1"]

1. e4 e5 2. Nf3 Nc6 3. d4 exd4 4. Bc4 Be7 5. O-O d6 6. Nxd4 Nf6 7. Nxc6 bxc6 8.
Nc3 O-O 9. b3 Rb8 10. Bb2 Be6 11. Bd3 Qd7 12. f4 Bg4 13. Qe1 h6 14. e5 Ne8 15.
Qe4 g6 16. Rae1 Bf5 17. Qe3 Ng7 18. Qxa7 Bxd3 19. cxd3 dxe5 20. fxe5 Ne6 21.
Qe3 Kh7 22. Ne2 Rbd8 23. Rd1 Bg5 24. Qf3 c5 25. d4 cxd4 26. Nxd4 Nxd4 27. Rxd4
Qe7 28. Rxd8 Rxd8 29. Qxf7+ Qxf7 30. Rxf7+ Kg8 31. Rf1 Rd2 32. Bc1 Rxa2 33.
Bxg5 hxg5 34. Re1 Ra8 35. Kf2 Re8 36. Kf3 Rf8+ 37. Kg3 Rf4 38. Re3 Kf7 39. Rf3
Ke6 40. Rxf4 gxf4+ 41. Kxf4 c6 42. h4 c5 43. g4 1-0

[Event "20. Obert Int. Sant Marti 2018 - B"]
[Site "Barcelona ESP"]
[Date "2018.07.15"]
[Round "3.26"]
[White "Cabrera Ojeda, Roberto"]
[Black "Garcia Quevedo, Jose"]
[Result "0-1"]
[WhiteElo "1652"]
[BlackElo "1864"]
[PlyCount "69"]
[EventDate "2018.07.13"]
[EventType "swiss"]
[EventRounds "9"]
[EventCountry "ESP"]
[SourceTitle "Ajedrez en Madrid"]
[Source "lmi"]
[SourceDate "2018.07.13"]
[SourceVersion "1"]
[SourceVersionDate "2019.06.21"]
[SourceQuality "1"]

1. e4 c5 2. Nc3 Nc6 3. g3 g6 4. Bg2 Bg7 5. d3 e6 6. f4 Nge7 7. Nf3 O-O 8. Be3
b6 9. d4 cxd4 10. Nxd4 Bb7 11. O-O Rc8 12. Rb1 Nxd4 13. Bxd4 Bxd4+ 14. Qxd4 d5
15. e5 Nf5 16. Qd3 Qc7 17. Kh1 h5 18. Rf2 Qc5 19. Re2 Kg7 20. h3 h4 21. g4 Ng3+
22. Kh2 Nxe2 23. Qxe2 Qc4 24. Qf2 Rh8 25. Rf1 Rc7 26. f5 g5 27. Qe3 Kh6 28.
fxe6 f5 29. gxf5 d4 30. Qe2 Bxg2 31. Qxc4 Rxc4 32. Rg1 dxc3 33. b3 Re4 34. Rxg2
Rxe5 35. Rf2 0-1

[Event "20. Obert Int. Sant Marti 2018 - B"]
[Site "Barcelona ESP"]
[Date "2018.07.15"]
[Round "3.27"]
[White "Farre Buil, Carles"]
[Black "Gonzalez Moreno, Antoni"]
[Result "1-0"]
[WhiteElo "1855"]
[BlackElo "1667"]
[PlyCount "81"]
[EventDate "2018.07.13"]
[EventType "swiss"]
[EventRounds "9"]
[EventCountry "ESP"]
[SourceTitle "Ajedrez en Madrid"]
[Source "lmi"]
[SourceDate "2018.07.13"]
[SourceVersion "1"]
[SourceVersionDate "2019.06.21"]
[SourceQuality "1"]

1. c4 c5 2. Nf3 Nf6 3. d4 cxd4 4. Nxd4 e6 5. g3 Be7 6. Bg2 O-O 7. O-O Nc6 8.
Nc3 a6 9. e4 Qc7 10. Nde2 b6 11. Bf4 d6 12. Rc1 Bb7 13. Nd5 exd5 14. cxd5 Qd7
15. dxc6 Bxc6 16. Rxc6 Qxc6 17. e5 d5 18. exf6 Qxf6 19. Nd4 Rad8 20. Be3 Bc5
21. Qd2 Rfe8 22. Rd1 h6 23. Bf1 a5 24. Bb5 Re4 25. Kg2 Rd6 26. a3 Bxd4 27. Bxd4
Qe6 28. Qc3 f6 29. Be3 g5 30. Rd4 Re5 31. Qc7 Re4 32. Bd3 Rxd4 33. Qh7+ Kf8 34.
Qxh6+ Ke8 35. Bxd4 Kd8 36. Qf8+ Kc7 37. h3 Rc6 38. g4 Rc1 39. Bf5 Qc6 40. Qc8+
Kd6 41. Qd8+ 1-0

[Event "20. Obert Int. Sant Marti 2018 - B"]
[Site "Barcelona ESP"]
[Date "2018.07.15"]
[Round "3.28"]
[White "Gonzalez Lafita, Oscar"]
[Black "Moncunill Calvet, Pol"]
[Result "1/2-1/2"]
[WhiteElo "1849"]
[BlackElo "1621"]
[PlyCount "72"]
[EventDate "2018.07.13"]
[EventType "swiss"]
[EventRounds "9"]
[EventCountry "ESP"]
[SourceTitle "Ajedrez en Madrid"]
[Source "lmi"]
[SourceDate "2018.07.13"]
[SourceVersion "1"]
[SourceVersionDate "2019.06.21"]
[SourceQuality "1"]

1. d4 d5 2. Nf3 Nf6 3. c4 e6 4. cxd5 exd5 5. Nc3 Be7 6. Bg5 c6 7. e3 Bg4 8. h3
Bh5 9. Qb3 Qb6 10. Qxb6 axb6 11. Ne5 Nbd7 12. g4 Bg6 13. Nxg6 hxg6 14. Bg2 Nh7
15. Bxe7 Kxe7 16. b4 b5 17. a4 bxa4 18. Rxa4 Nb6 19. Rxa8 Rxa8 20. b5 Ra3 21.
Kd2 Nc4+ 22. Kc2 g5 23. Rb1 Nf6 24. bxc6 bxc6 25. Rb7+ Nd7 26. e4 dxe4 27. Bxe4
Nd6 28. Rb3 Rxb3 29. Kxb3 Nxe4 30. Nxe4 f6 31. Kc4 Ke6 32. Nc5+ Nxc5 33. Kxc5
Kd7 34. f3 g6 35. d5 cxd5 36. Kxd5 Ke7 1/2-1/2

[Event "20. Obert Int. Sant Marti 2018 - B"]
[Site "Barcelona ESP"]
[Date "2018.07.15"]
[Round "3.29"]
[White "Colom Andres, Xavier"]
[Black "Han, Xuqian Ben"]
[Result "1-0"]
[WhiteElo "1838"]
[BlackElo "1486"]
[PlyCount "121"]
[EventDate "2018.07.13"]
[EventType "swiss"]
[EventRounds "9"]
[EventCountry "ESP"]
[SourceTitle "Ajedrez en Madrid"]
[Source "lmi"]
[SourceDate "2018.07.13"]
[SourceVersion "1"]
[SourceVersionDate "2019.06.21"]
[SourceQuality "1"]

1. d4 Nf6 2. Bf4 g6 3. Nc3 Bg7 4. e4 d6 5. Qd2 O-O 6. Bh6 c5 7. Bxg7 Kxg7 8.
Nf3 cxd4 9. Nxd4 Nc6 10. Be2 d5 11. exd5 Nxd5 12. Rd1 Nf6 13. Nxc6 Qxd2+ 14.
Rxd2 bxc6 15. O-O Rb8 16. b3 Bb7 17. Bf3 e6 18. Na4 Rfd8 19. Rfd1 Rxd2 20. Rxd2
Nd5 21. Nc5 Ba8 22. g3 Rb5 23. Na4 Nb6 24. Nb2 Rf5 25. Kg2 c5 26. Bxa8 Nxa8 27.
Rd7 Nb6 28. Rxa7 Rd5 29. Ra6 Nd7 30. Nc4 Ne5 31. Nxe5 Rxe5 32. Kf3 Rd5 33. Ke3
Re5+ 34. Kd3 Rd5+ 35. Kc3 Re5 36. Rd6 Kf6 37. a4 Ke7 38. Rd1 g5 39. a5 c4 40.
b4 Re2 41. Rd2 Rxd2 42. Kxd2 Kd6 43. b5 f5 44. a6 Kc7 45. Ke3 e5 46. Kd2 h5 47.
h4 g4 48. Kc3 f4 49. Kxc4 e4 50. Kd4 e3 51. Kd3 exf2 52. Ke2 fxg3 53. c4 Kb6
54. c5+ Ka7 55. Kf1 Kb8 56. b6 Ka8 57. c6 Kb8 58. a7+ Ka8 59. c7 g2+ 60. Kxf2
g3+ 61. Kxg2 1-0

[Event "20. Obert Int. Sant Marti 2018 - B"]
[Site "Barcelona ESP"]
[Date "2018.07.15"]
[Round "3.30"]
[White "Escofet Llongueras, Joan"]
[Black "Minko, Olga"]
[Result "0-1"]
[WhiteElo "1623"]
[BlackElo "1822"]
[PlyCount "22"]
[EventDate "2018.07.13"]
[EventType "swiss"]
[EventRounds "9"]
[EventCountry "ESP"]
[SourceTitle "Ajedrez en Madrid"]
[Source "lmi"]
[SourceDate "2018.07.13"]
[SourceVersion "1"]
[SourceVersionDate "2019.06.21"]
[SourceQuality "1"]

1. c4 Nf6 2. Nc3 e6 3. g3 d5 4. cxd5 exd5 5. d4 h6 6. Bg2 c6 7. Nf3 Bd6 8. O-O
O-O 9. Qc2 Re8 10. Nh4 Qd7 11. f4 Na6 0-1

[Event "20. Obert Int. Sant Marti 2018 - B"]
[Site "Barcelona ESP"]
[Date "2018.07.15"]
[Round "3.31"]
[White "Carrasco Cortada, Juan"]
[Black "Lopez Nadal, Alex"]
[Result "1-0"]
[WhiteElo "1649"]
[BlackElo "1794"]
[PlyCount "65"]
[EventDate "2018.07.13"]
[EventType "swiss"]
[EventRounds "9"]
[EventCountry "ESP"]
[SourceTitle "Ajedrez en Madrid"]
[Source "lmi"]
[SourceDate "2018.07.13"]
[SourceVersion "1"]
[SourceVersionDate "2019.06.21"]
[SourceQuality "1"]

1. e4 c5 2. c3 d5 3. exd5 Qxd5 4. d4 cxd4 5. Nf3 Nc6 6. cxd4 Bg4 7. Be2 Nf6 8.
Nc3 Qd7 9. d5 Bxf3 10. gxf3 O-O-O 11. dxc6 Qxc6 12. Qa4 Qb6 13. Qc4+ Kb8 14.
Bf4+ Ka8 15. Bc7 Qxb2 16. Bxd8 Qxa1+ 17. Bd1 a6 18. Bb6 Nd7 19. Qc8+ Nb8 20.
O-O e6 21. Bc2 Bd6 22. Qxh8 Qxc3 23. Qxh7 Qxf3 24. Qe4 Qh5 25. Qg2 f5 26. Bd1
Qh7 27. Bf3 g5 28. Rd1 Bf8 29. Rd8 Bb4 30. Qxg5 Be7 31. Rxb8+ Kxb8 32. Qf4+ Ka8
33. Bxb7+ 1-0

[Event "20. Obert Int. Sant Marti 2018 - B"]
[Site "Barcelona ESP"]
[Date "2018.07.15"]
[Round "3.32"]
[White "Ramos Alvarez, Maximo"]
[Black "Bao, Jin Wen"]
[Result "1-0"]
[WhiteElo "1939"]
[BlackElo "1302"]
[PlyCount "49"]
[EventDate "2018.07.13"]
[EventType "swiss"]
[EventRounds "9"]
[EventCountry "ESP"]
[SourceTitle "Ajedrez en Madrid"]
[Source "lmi"]
[SourceDate "2018.07.13"]
[SourceVersion "1"]
[SourceVersionDate "2019.06.21"]
[SourceQuality "1"]

1. d4 Nf6 2. Bg5 Ne4 3. Bh4 c5 4. f3 g5 5. fxe4 gxh4 6. e3 Qb6 7. Nc3 d6 8. Nd5
Qa5+ 9. c3 Be6 10. b4 cxb4 11. cxb4 Qd8 12. Bb5+ Nc6 13. Nf3 a6 14. Ba4 b5 15.
Bb3 Rc8 16. Ng5 h6 17. Nxe6 fxe6 18. Qh5+ Kd7 19. Nf4 Rb8 20. Bxe6+ Kc7 21. Rc1
Kb7 22. Bd5 Rc8 23. O-O Qb6 24. Ng6 Bg7 25. Nxe7 1-0

[Event "20. Obert Int. Sant Marti 2018 - B"]
[Site "Barcelona ESP"]
[Date "2018.07.15"]
[Round "3.33"]
[White "Riera Danes, Manel"]
[Black "Martin Arranz, Lluis"]
[Result "1/2-1/2"]
[WhiteElo "1938"]
[BlackElo "1582"]
[PlyCount "55"]
[EventDate "2018.07.13"]
[EventType "swiss"]
[EventRounds "9"]
[EventCountry "ESP"]
[SourceTitle "Ajedrez en Madrid"]
[Source "lmi"]
[SourceDate "2018.07.13"]
[SourceVersion "1"]
[SourceVersionDate "2019.06.21"]
[SourceQuality "1"]

1. e4 e6 2. d4 d5 3. Nd2 c5 4. exd5 exd5 5. Ngf3 Nf6 6. Bb5+ Nc6 7. dxc5 Bxc5
8. O-O O-O 9. Nb3 Qb6 10. Bd3 Be7 11. Be3 Qc7 12. Nbd4 Bg4 13. h3 Nxd4 14. hxg4
Nc6 15. Nd4 Nxd4 16. Bxd4 Qf4 17. Be2 Bd6 18. g3 Qe4 19. Bf3 Qg6 20. Bxf6 Qxf6
21. Bxd5 Rad8 22. c4 Qxb2 23. Rb1 Qa3 24. Rxb7 Bc5 25. Rxf7 Qxg3+ 26. Kh1 Qh3+
27. Kg1 Qg3+ 28. Kh1 1/2-1/2

[Event "20. Obert Int. Sant Marti 2018 - B"]
[Site "Barcelona ESP"]
[Date "2018.07.15"]
[Round "3.34"]
[White "Mas Sayos, Lluis"]
[Black "Lopez Manzano, Antonio"]
[Result "1/2-1/2"]
[WhiteElo "1687"]
[BlackElo "1900"]
[PlyCount "73"]
[EventDate "2018.07.13"]
[EventType "swiss"]
[EventRounds "9"]
[EventCountry "ESP"]
[SourceTitle "Ajedrez en Madrid"]
[Source "lmi"]
[SourceDate "2018.07.13"]
[SourceVersion "1"]
[SourceVersionDate "2019.06.21"]
[SourceQuality "1"]

1. d4 f5 2. c4 Nf6 3. Nc3 e6 4. Nf3 Bb4 5. g3 b6 6. Bg2 Bb7 7. O-O O-O 8. Bg5
Bxc3 9. bxc3 d6 10. Qb3 Qe8 11. Bxf6 Rxf6 12. c5 Nc6 13. cxd6 cxd6 14. c4 Na5
15. Qb4 e5 16. dxe5 dxe5 17. e3 Rc8 18. Rac1 Rc5 19. Rfd1 Qc8 20. Nd2 Bxg2 21.
Kxg2 Rfc6 22. Qb2 b5 23. Nb3 Nxc4 24. Qe2 f4 25. Nxc5 Rxc5 26. exf4 exf4 27.
Rb1 Ne5 28. gxf4 Qc6+ 29. f3 Rc2 30. Rd2 Rxd2 31. Qxd2 Qxf3+ 32. Kg1 Qg4+ 33.
Qg2 Qf5 34. Rxb5 Nf3+ 35. Qxf3 Qxb5 36. Qa8+ Kf7 37. Qxa7+ 1/2-1/2

[Event "20. Obert Int. Sant Marti 2018 - B"]
[Site "Barcelona ESP"]
[Date "2018.07.15"]
[Round "3.35"]
[White "Fernandez Egea, Andres"]
[Black "Sans Bascu, Joaquin"]
[Result "1-0"]
[WhiteElo "1876"]
[BlackElo "1556"]
[PlyCount "35"]
[EventDate "2018.07.13"]
[EventType "swiss"]
[EventRounds "9"]
[EventCountry "ESP"]
[SourceTitle "Ajedrez en Madrid"]
[Source "lmi"]
[SourceDate "2018.07.13"]
[SourceVersion "1"]
[SourceVersionDate "2019.06.21"]
[SourceQuality "1"]

1. e4 e5 2. f4 d5 3. exd5 Nf6 4. fxe5 Nxd5 5. Nf3 Be7 6. c4 Nb4 7. d4 O-O 8. a3
N4a6 9. Nc3 Bg4 10. Be2 Bh4+ 11. g3 Be7 12. O-O Nc6 13. Be3 Nab8 14. Qd3 Nd7
15. Nd5 f6 16. exf6 Nxf6 17. Ng5 Bxe2 18. Nxf6+ 1-0